LEADER 01495nam a2200313 u 4500 001 000000059939 003 CaOOAMICUS 005 20070226120845.0 008 010709s2000 gw u000 u ger u 020 $a3465030990 035 $a10896549 040 $aPUL(R)$bita 100 1 $aHeidegger, Martin,$d1889-1976.$0(OLS)http://pul/name/5737 240 10$aGruppi, scelte$9(Heiddeger, Martin, 1889-1976).$0(OLS)http://pul/title/8138 245 10$aVorträge und Aufsätze /$cMartin Heidegger. 260 $aFrankfurt am Main :$bKlostermann,$cc2000. 300 $a298 p. ;$c22 cm 490 1 $aGesamtausgabe.$aI Abt., Veröffentlichte Schriften 1910-1976 ;$vBd. 7 500 $aText der durchgesehenen Einzelausgabe mit Randbemerkungen des Autors aus seinen Handexemplaren herausgegeben von Friedrich-Wihlelm von Herrmann. 504 $aBibliografia in nota. 650 4$aFilosofia$ySec. XX$xCollezioni.$0(OLS)http://pul/subject/5017 830 0$aGesamtausgabe.$nI Abt.,$pVeröffentlichte Schriften 1910-1976 ;$vBd. 7.$0(OLS)http://pul/title/8147 850 $aPUL 852 $aPUL$W1$xSL Filosofia 2$y80$mPhil D4 46t.7$j78116$nBK-PRI$b $qStampati altre collocazioni$B78116$CPULBib$Z2$F78116 $H $81 941 1 $a10 961 $aINV: 84031 996 $6020$a3465030990$9(OLS)http://pul/number/76693 996 $6245$aVorträge und Aufsätze$9(OLS)http://pul/title/71510 996 $6260$aFrankfurt am Main :$bKlostermann$9(OLS)http://pul/publisher/50926 LEADER 01971nam a2200421 u 4500 001 000000088950 003 CaOOAMICUS 005 20070226124551.0 008 051108s2005 it u000 u ita u 020 $a8831101447 035 $a11067476 040 $aMSA$bita 041 1 $aita$hger 245 00$aEdith Stein e il nazismo /$cAngela Ales Bello, Philippe Chenaux (edd.) 260 $aRoma :$bCittà Nuova,$c2005. 300 $a120 p. ;$c20 cm 490 1 $aIdee.$aFilosofia.$aNuova serie ;$v144 500 $aAppendice: Lettera di Edith Stein a Pio XI (in lingua originale e traduzione italiana, p.[101]-106). 600 04$aTheresia Benedicta a Cruce,$cs.,$d1891-1942.$0(OLS)http://pul/subject/4953 650 4$aAntisemitismo.$0(OLS)http://pul/subject/17285 700 0 $aTheresia Benedicta a Cruce,$cs.,$d1891-1942.$0(OLS)http://pul/name/8163 700 1 $aChenaux, Philippe,$d1959-$0(OLS)http://pul/name/38246 700 1 $aAles Bello, Angela,$d1939-$0(OLS)http://pul/name/22845 830 0$aIdee.$pFilosofia.$pNuova serie ;$v144.$0(OLS)http://pul/title/81879 850 $aPUL 852 $aPUL$W1$xSL Filosofia 2$y80$mPhil A15 144$j112551$nBK-PRI$b $qStampati altre collocazioni$B112551$CPULBib$Z2$F112551 $HPUL100452 $81 900 $aStein, Edith, $csuora,$d1891-1942$98163 900 $aEdith Stein,$cs.,$d1891-1942 $98163 900 $aTeresa Benedetta della Croce.$cs.,$d1891-1942$98163 900 $aTeresia Benedicta a Cruce,$cs.,$d1891-1942?$98163 941 1 $a10 960 $aEdith Stein,$cs.,$d1891-1942$94953 960 $aStein, Edith,$cs.,$d1891-1942$94953 960 $aTeresia Benedicta a Cruce,$cs.,$d1891-1942$94953 960 $aTeresa Benedetta della Croce,? $cs.,$d1891-1942$94953 996 $6020$a8831101447$9(OLS)http://pul/number/116833 996 $6245$aEdith Stein e il nazismo$9(OLS)http://pul/title/114901 996 $6260$aRoma :$bCittà Nuova$9(OLS)http://pul/publisher/47927